000 00349nam a22001457a 4500
999 _c413
_d413
003 OSt
005 20170830191038.0
008 160622b xxu||||| |||| 00| 0 eng d
040 _cBOOK
100 _9500
_aAnnamalai, E,
245 _aLanguage Movements in India
260 _aN.Y
_bsese
_c1979
300 _aLanguage Movements in India
942 _2ddc
_cBK